000 00691nam a2200217Ii 4500
003 JO-AjNU
008 230606s9999||||xx |||||||||||||| ||und||
020 _a978-0-203-92710-6(ebk) , 978-0-415-46021-7(pbk)
040 _aJO-AjNU
_beng
_erda
_cJO-AjNU
041 _aeng
050 1 4 _aPN4783.H53 2008
100 3 _a Hicks, Wynford , Sally Adams , Harriett Gilbert , Tim Holmes,
_eauthor
_91581
245 0 0 _aWriting for Journalists
250 _a2 ed
264 3 1 _aNew York:Routledge ,2008
300 _a194P
336 _atext
_btxt
_2rdacontent
337 _aunmediated
_bn
_2rdamedia
338 _avolume
_bnc
_2rdacarrier
650 4 _a Journalism - Authorship - Electronic books
_91582
999 _aE830
_c830
_d830